000 00210 a2200097 4500
001 7111
100 _aRajput, A.B
245 _aArchitecture in Pakistan
260 _a
_bPak Publication
_c
090 _c5881
_d5881
942 _aNUST-CAE
_cM
_c32357
999 _c242184
_d242184